| 000 | 00588nam a22002057a 4500 | ||
|---|---|---|---|
| 003 | PILC | ||
| 005 | 20151021091117.0 | ||
| 008 | 130920t xxu||||| |||| 00| 0 eng d | ||
| 020 | _a9780076027156 | ||
| 050 |
_aPE 1128 _b.Ad211f 2005 |
||
| 082 |
_aGS 372.4 _bAd1 2005 |
||
| 100 |
_aAdams, Marilyn Jager _921156 |
||
| 245 |
_aFinding friends _cMarilyn Jager Adams, et. al. _bOpen Court Reading |
||
| 260 |
_aOhio : _bSRA, _c2005. |
||
| 300 |
_a62 p. : _bill. col. ; _c26 cm. |
||
| 440 |
_aOpen court reading _921157 |
||
| 650 |
_aReading. _9902 |
||
| 942 |
_2lcc _cBK |
||
| 999 |
_c11829 _d11829 |
||